[Event "Turkish Super League 2019"]
[Site "Konya"]
[Date "2019.07.26"]
[Round "11"]
[White "Ertan, Can"]
[Black "Soysal, Serkan"]
[Result "1/2-1/2"]
[WhiteElo "2396"]
[BlackElo "2431"]
[Annotator "TA"]
[PlyCount "137"]
[EventDate "2019.07.17"]
[EventType "team-tourn"]
[EventCountry "TUR"]
[SourceTitle "playchess.com"]
[Source "ChessBase"]
[SourceQuality "1"]

{[%evp 31,137,47,49,38,37,44,35,34,51,38,47,42,38,38,44,36,67,54,60,60,79,33,33,30,43,43,43,43,36,31,31,31,45,48,55,33,33,27,27,27,45,25,45,52,80,80,80,85,97,81,105,105,105,95,95,95,95,81,95,95,95,95,95,34,95,33,33,31,70,27,27,17,27,27,27,27,27,27,27,8,8,8,8,8,27,27,26,26,26,25,25,23,27,27,27,27,29,29,39,27,27,-8,0,0,8,8,8,8]} 1. e4 c5 2. Nf3 Nc6 3. d4 cxd4 4. Nxd4 g6 5. c4 Nf6 6. Nc3 Nxd4 7. Qxd4 d6 8. Be3 Bg7 9. Be2 O-O 10. Qd2 Be6 11. Rc1 Qa5 12. f3 Rfc8 13. b3 a6 14. Nd5 Qxd2+ 15. Kxd2 Bxd5 16. cxd5 Nd7 17. Rxc8+ {B36: Sicilian: Maroczy Bind: Gurgenidze System} (17. Rc2 {is more complex.} Rxc2+ 18. Kxc2 Rc8+ 19. Kb1 Rc3 20. Bd2) 17... Rxc8 18. Rc1 Rxc1 19. Kxc1 $14 {[%mdl 4096] Endgame KBB-KBN. White is slightly better.} Bc3 (19... Kf8 20. Kc2 Ke8 21. b4 Kd8 22. a4 Kc7 23. a5 Ba1 24. f4 Nf6 {½-½ (50) Karjakin,S (2679)-Ljubojevic,L (2551) Amsterdam 2006}) 20. f4 $146 ({Predecessor:} 20. a3 Ba5 21. b4 Bb6 22. Bd2 Bg1 23. h3 Kg7 24. Kc2 Kf6 {1-0 (53) Bittencourt,J (2442)-Stamenkovic,D (2423) Vitoria 2007}) 20... Kf8 21. Bg4 Ke8 22. a3 Kd8 23. Kc2 Bg7 24. b4 Kc7 25. a4 h5 26. Bh3 Nf6 27. Kd3 b5 28. axb5 axb5 29. Bd4 Bh6 30. g3 Ng4 31. Bg1 e6 32. dxe6 fxe6 33. Bg2 e5 34. h3 Nf6 35. Be3 Bf8 36. Bf3 Be7 37. Bd2 h4 38. gxh4 exf4 {[#]} 39. Kd4 $1 Nd7 40. Bxf4 Ne5 41. Be2 Bxh4 42. Kd5 Be1 43. Bxb5 Bxb4 44. Ke6 Be1 45. Be8 Bc3 46. Bg5 Bb4 47. Be7 ({White should play} 47. Kf6 $16) 47... Bc5 (47... Nd3 $1 $14) 48. Kf6 ({Better is} 48. Kd5 $16) 48... Bd4 49. Kg7 g5 50. Bf6 Be3 51. Bh5 Bf4 52. Be7 Nc6 53. Bf8 Ne5 54. Bg4 Kc6 ({Of course not} 54... Nxg4 55. hxg4 Kc6 56. Kg6 $16) 55. Be6 Kc5 56. Kf6 Nf3 57. Bg4 Nd2 58. e5 {[#] Black must now prevent e6.} Ne4+ 59. Kf5 {Hoping for e6.} Ng3+ 60. Kg6 {Threatens to win with e6.} Bxe5 61. Kxg5 Ne4+ 62. Kf5 Ng3+ 63. Ke6 Kd4 64. h4 Ke4 65. h5 {And now h6 would win.} Kf4 66. h6 {Strongly threatening Bd1.} (66. Bd1 $5 {[%cal Rh5h6]} Nxh5 67. Bxh5 $11) 66... Kxg4 {The position is equal.} 67. Bxd6 Kh5 68. Bxe5 {Intending h7 and mate.} Kxh6 69. Bxg3 {Accuracy: White = 55%, Black = 73%.} 1/2-1/2

[Event "Turkish Super League 2019"]
[Site "Konya"]
[Date "2019.07.26"]
[Round "11"]
[White "Osmak, Iulija"]
[Black "Caglar, Sila"]
[Result "1-0"]
[WhiteElo "2395"]
[BlackElo "2306"]
[Annotator "TA"]
[PlyCount "107"]
[EventDate "2019.07.17"]
[EventType "team-tourn"]
[EventCountry "TUR"]
[SourceTitle "playchess.com"]
[Source "ChessBase"]
[SourceQuality "1"]

{[%evp 19,107,27,43,35,33,33,26,42,101,99,113,111,100,89,118,114,103,103,114,118,99,81,86,91,96,110,242,232,219,202,208,191,189,183,189,191,311,329,337,327,298,308,316,286,340,274,282,277,248,229,227,190,367,223,220,216,172,138,361,154,192,186,151,150,145,130,581,570,683,131,116,126,146,106,227,156,163,169,159,159,1703,1610,12817,5389,12816,5797,29978,29979,29980,29981]} 1. d4 d5 2. Bf4 Nf6 3. e3 c5 4. c3 Nc6 5. Nd2 cxd4 6. exd4 g6 7. Ngf3 Bg7 8. Bd3 O-O 9. O-O Nh5 10. Be3 f5 {aiming for ...f4.} 11. Nb3 {B13: Caro-Kann: Exchange Variation and Panov-Botvinnik Attack} f4 12. Bd2 (12. Bc1 Bg4 13. Be2 Qd6 14. Re1 Rae8 15. h3 Bxf3 16. Bxf3 Nf6 17. Bd2 g5 18. h4 gxh4 {0-1 (40) Richter,W (2398)-Buhmann,R (2597) Germany 2015}) 12... Bg4 13. Be2 {White has an edge.} Bh6 $146 (13... Qd6 $14) ({Predecessor:} 13... Qd6 14. Re1 Rae8 15. h3 Bc8 16. Nc1 Nf6 17. Bd3 e6 18. Qc2 Bd7 19. Ne2 {½-½ (19) Glotov,M (2363)-Moiseenko,V (2404) Moscow 2009}) 14. h3 Bf5 15. Nh4 Ng7 16. Nxf5 Rxf5 17. Nc5 e5 18. Nxb7 Qe7 19. Nc5 e4 20. Bg4 Rf7 21. Qa4 Qd6 22. Qa6 $36 {[%mdl 2048] White has strong initiative.} Raf8 (22... Rb8 $16 {might work better.}) 23. b4 $1 $18 {[%cal Bb2b4,Bb4b5][%mdl 32]} e3 24. fxe3 fxe3 25. Rxf7 Rxf7 26. Be1 {b5 is the strong threat.} Bf4 27. Bf3 h5 (27... Ne8 $142 28. Qc8 Nd8) 28. b5 Bh2+ 29. Kh1 Ne7 30. Qxd6 (30. Qxa7 Bg3 $18) 30... Bxd6 31. a4 {[%cal Ba2a4,Ba4a5][%mdl 32]} g5 32. a5 g4 33. Be2 (33. hxg4 $6 hxg4 34. Be2 Nef5 $18) 33... Ngf5 34. b6 axb6 35. axb6 Ng6 $2 (35... Ng3+ 36. Bxg3 Bxg3 37. Ra8+ (37. hxg4 Rf6 $18) 37... Kg7) 36. Bd3 Nf4 37. Ra8+ Kg7 {Strongly threatening ...Bxc5.} 38. Ra7 Ne7 $2 (38... Nxd3 $16 39. Nxd3 Ne7) 39. Bg3 (39. Bb5 $18 {and White stays clearly on top.}) 39... Nxd3 $16 40. Bxd6 Nf2+ 41. Kh2 $1 {Black must now prevent Ne6+.} e2 42. Ra1 Ne4 $2 {[%mdl 8192]} (42... Nd1 $16 {is a better chance.} 43. Be5+ Kh7) 43. Nxe4 $18 Rf1 44. Ng3 $2 (44. Bxe7 dxe4 45. b7 g3+ 46. Kxg3 Rxa1 $11) (44. b7 $18 {is more deadly.} Nc6 45. Ra7 $3 {[%mdl 576] Promotion}) 44... Rxa1 $16 45. Nxe2 {[%mdl 4096] Endgame KRN-KBN} Nc6 46. Nf4 Kf6 (46... gxh3 $16 {is a better defense.} 47. Kxh3 (47. gxh3 Rb1 $16) 47... Rb1) 47. Bc7 {Threatens to win with b7.} gxh3 {[#]} 48. b7 $1 ({Don't play} 48. Nxh3 $6 Kf5 $14) ({Don't take} 48. Nxd5+ Ke6 $16) ({Much less strong is} 48. Nxh5+ $6 Kf7 $14) 48... hxg2 49. Kxg2 Rb1 $2 (49... Ra7 $16) 50. Nxd5+ $18 Ke6 {[#]} 51. Nb4 $1 {[%mdl 512]} Kd7 (51... Nxb4 52. b8=Q) 52. Be5 Rb3 53. d5 Rb2+ 54. Kh3 {Accuracy: White = 68%, Black = 35%.} 1-0

[Event "Turkish Super League 2019"]
[Site "Konya"]
[Date "2019.07.26"]
[Round "11"]
[White "Can, Isik"]
[Black "Ayan, Bengu Sena"]
[Result "1-0"]
[WhiteElo "2374"]
[BlackElo "1885"]
[Annotator "TA"]
[PlyCount "75"]
[EventDate "2019.07.17"]
[EventType "team-tourn"]
[EventCountry "TUR"]
[SourceTitle "playchess.com"]
[Source "ChessBase"]
[SourceQuality "1"]

{[%evp 15,75,21,46,39,66,49,51,57,61,48,59,31,25,0,0,0,39,46,43,47,47,38,40,56,97,71,75,0,95,96,188,172,270,249,413,412,404,363,368,356,521,504,502,455,759,745,1129,1071,1236,1029,1540,1520,2333,2206,29988,29986,29991,6074,29993,29994,29997,29998]} 1. e4 e6 2. d4 d5 3. Nd2 Nf6 4. e5 Nfd7 5. c3 c5 6. f4 Nc6 7. Ndf3 Be7 8. Bd3 Qb6 {[%cal Rc5d4]} 9. Ne2 {C05: French Tarrasch: 3...Nf6 4 e5 Nfd7, 5 f4 and 5 Bd3 sidelines} h6 10. g4 $146 ({Predecessor:} 10. O-O f5 11. exf6 gxf6 {½-½ (19) Gutenev,A (2398)-Ponkratov,P (2595) Cheliabinsk 2016}) 10... cxd4 11. cxd4 {White is slightly better.} g6 12. O-O h5 13. gxh5 Rxh5 14. Kg2 Nf8 15. a3 Bd7 16. b4 Rh8 17. Bd2 a6 18. Rb1 Qc7 19. Rh1 f5 20. exf6 Bxf6 21. Ne5 (21. Rg1 $16) 21... Rg8 (21... Ne7 $1 $11) 22. Rg1 Ke7 (22... Ne7 $16) 23. Kh1 $18 Be8 (23... Ke8 $142 24. Rc1 Rc8) 24. a4 b5 $2 (24... Kd8 {is a better defense.} 25. Rc1 Qb8) 25. axb5 axb5 26. Rc1 Qb6 27. Rc5 Na7 (27... Nd8 $142 28. f5 Bxe5) 28. Qc2 Nd7 29. Rc7 Rg7 {[#]} (29... Kd6 $142) 30. f5 $1 {[%mdl 512]} exf5 31. Nf4 {[%mdl 64] Double Attack} Qd6 32. Nfxg6+ Rxg6 33. Nxg6+ Kd8 34. Bf4 Qb6 35. Bxf5 Bxd4 36. Rc1 (36. Re1 $142 Bc5 37. bxc5 Qxc7 {[#]} 38. Rxe8+ $1 {[%mdl 512]} Kxe8 39. Bxc7 Nc6 40. Qe2+ {[%mdl 64] Double Attack} Kf7 41. Qe6+ $1 {[%mdl 576] Double Attack} Kg7 42. Qxd7+ Kf6 43. Bb1) 36... Be3 {[#]} 37. Rxa7 $1 {[%mdl 576] Clearance} Qxa7 (37... Rxa7 38. Qc8#) 38. Bc7+ {Accuracy: White = 80%, Black = 24%.} 1-0

[Event "Turkish Super League 2019"]
[Site "Konya"]
[Date "2019.07.26"]
[Round "11"]
[White "Ozer, Omer Faruk"]
[Black "Gunduz, Umut Erdem"]
[Result "0-1"]
[WhiteElo "2369"]
[BlackElo "2261"]
[Annotator "TA"]
[PlyCount "108"]
[EventDate "2019.07.17"]
[EventType "team-tourn"]
[EventCountry "TUR"]
[SourceTitle "playchess.com"]
[Source "ChessBase"]
[SourceQuality "1"]

{[%evp 11,108,-15,-4,-18,-3,-4,-4,-12,-8,-7,1,-16,-6,-6,-6,-18,0,0,0,-11,0,7,33,0,28,3,25,-14,-14,-76,-89,-87,-112,-79,-83,-71,-56,-139,-134,-134,-79,-145,-127,-205,-210,-204,-216,-212,-200,-199,-227,-217,-206,-210,-211,-184,-181,-275,-268,-343,-406,-499,-404,-429,-446,-534,-522,-506,-506,-565,-567,-544,-543,-580,-564,-546,-468,-447,-329,-328,-322,-307,-311,-293,-91,-393,-362,-607,-593,-2385,-1974,-29975,-29976,-29968,-29968,-29981,-29972,-29975,-29976]} 1. Nf3 Nf6 2. g3 g6 3. Bg2 Bg7 4. O-O O-O 5. d3 d5 6. c3 c5 7. Bf4 {A08: King's Indian Attack} Nc6 8. Ne5 Ng4 $146 ({Predecessor:} 8... Bd7 9. Qb3 Nxe5 10. Bxe5 Bc6 11. Nd2 Qd7 12. Qa3 b6 13. b4 cxb4 14. cxb4 Rfc8 {½-½ (50) Topalov,V (2752)-Andreikin,D (2700) Astana 2012}) 9. Nxc6 {The position is equal.} bxc6 10. h3 e5 11. Bd2 Nf6 12. c4 Rb8 13. Qc2 d4 14. Bc1 Be6 15. Nd2 Nd7 16. Qa4 Qe7 17. Nb3 Rfc8 18. Na5 Qd6 19. Qa3 f5 20. f4 {[#]} (20. Nb3 $11) 20... e4 $1 $17 {[%mdl 576] Deflection} 21. dxe4 fxe4 22. Bxe4 Bxh3 23. Re1 Rb6 24. Qf3 (24. Qd3 $15) 24... Nf6 25. Bd3 Bg4 (25... Re8 $142 26. Nb3 Rbb8) 26. Qg2 (26. Qf1 $142) 26... Re8 $36 {[%mdl 2048] White is under strong pressure.} 27. b3 (27. Nb3 $17 {was worth a try.}) 27... Bf5 $19 28. Bd2 Ne4 29. Rad1 Nxd2 30. Bxf5 gxf5 31. Rxd2 Ra6 32. b4 cxb4 33. Nb3 Re3 34. Rf1 (34. Nc1 {was called for.}) 34... Ra3 35. c5 Qe6 36. Rf3 Rxf3 37. Qxf3 a5 {Strongly threatening ...a4.} 38. Qf2 Qe3 39. Qxe3 dxe3 {[%mdl 4096] Endgame KRB-KRN} 40. Rd8+ Kf7 41. Rd7+ Kf8 42. Rd8+ Ke7 43. Ra8 a4 44. Na5 b3 45. Nxb3 Rxa2 46. Na5 Rxe2 {And now ...Rb2 would win.} 47. Nxc6+ Kd7 $2 (47... Ke6 $19 {and Black stays clearly on top.} 48. Rxa4 Rb2) 48. Nb4 $2 {[%mdl 8192]} (48. Ne5+ $17 {nothing else works.} Bxe5 49. fxe5) 48... Bd4 49. c6+ $2 (49. Rxa4 Rd2 50. Kf1) 49... Kc7 {Threatens to win with ...Ra2!} 50. Ra6 {With the idea Nd5+.} Rd2 {( -> ...e2+)} 51. Kf1 e2+ {Black mates.} 52. Ke1 {[#]} Bc3 $1 53. Ra7+ {[#]} Kb8 $1 54. c7+ Kxa7 {Accuracy: White = 45%, Black = 71%.} 0-1

[Event "Turkish Super League 2019"]
[Site "Konya"]
[Date "2019.07.26"]
[Round "11"]
[White "Ozen, Bahadir"]
[Black "Yaran, Siar"]
[Result "1/2-1/2"]
[WhiteElo "2366"]
[BlackElo "2197"]
[Annotator "NA"]
[PlyCount "61"]
[EventDate "2019.07.17"]
[EventType "team-tourn"]
[EventCountry "TUR"]
[SourceTitle "playchess.com"]
[Source "ChessBase"]
[SourceQuality "1"]
[TimeControl "40/5400+30:1800+30"]

1. Nf3 {[%emt 0:00:30]} Nf6 {[%emt 0:01:30]} 2. c4 {[%emt 0:00:30]} e6 {[%emt 0:02:30]} 3. d4 {[%emt 0:01:30]} d5 {[%emt 0:00:30]} 4. g3 {[%emt 0:01:30]} Be7 {[%emt 0:00:00]} 5. Bg2 {[%emt 0:00:30]} O-O {[%emt 0:00:00]} 6. O-O {[%emt 0:01:30]} dxc4 {[%emt 0:00:30]} 7. Qc2 {[%emt 0:02:30]} a6 {[%emt 0:00:30]} 8. a4 {[%emt 0:01:30]} Bd7 {[%emt 0:02:30]} 9. Ne5 {[%emt 0:04:30]} Bc6 {[%emt 0:06:30]} 10. Nxc6 {[%emt 0:02:30]} Nxc6 {[%emt 0:00:00]} 11. e3 {[%emt 0:00:30]} Na5 {[%emt 0:02:00]} 12. Nd2 {[%emt 0:03:30]} c5 {[%emt 0:05:30]} 13. dxc5 {[%emt 0:01:30]} Rc8 {[%emt 0:00:30]} 14. b4 {[%emt 0:01:30]} cxb3 {[%emt 0:00:30]} 15. Nxb3 {[%emt 0:00:30]} Nxb3 {[%emt 0:05:30]} 16. Qxb3 {[%emt 0:00:00]} Nd7 {[%emt 0:00:00]} 17. Ba3 {[%emt 0:05:00]} Nxc5 {[%emt 0:00:00]} 18. Bxc5 {[%emt 0:00:30]} Rxc5 {[%emt 0:00:30]} 19. Qxb7 {[%emt 0:00:30]} a5 {[%emt 0:00:30]} 20. Rfd1 {[%emt 0:00:30]} Qc7 {[%emt 0:01:30]} 21. Qxc7 {[%emt 0:09:30]} Rxc7 {[%emt 0:00:00]} 22. Rac1 {[%emt 0:00:00]} Rxc1 {[%emt 0:02:00]} 23. Rxc1 {[%emt 0:00:00]} g6 {[%emt 0:00:00]} 24. Bb7 {[%emt 0:00:30]} Rd8 {[%emt 0:01:00]} 25. Rc8 {[%emt 0:00:30]} Rxc8 {[%emt 0:00:30]} 26. Bxc8 {[%emt 0:00:00]} Bb4 {[%emt 0:00:30]} 27. Kf1 {[%emt 0:00:00]} Kf8 {[%emt 0:00:00]} 28. Ke2 {[%emt 0:00:00]} Ke7 {[%emt 0:00:00]} 29. f4 {[%emt 0:01:00]} Kd6 {[%emt 0:00:30]} 30. e4 {[%emt 0:00:00]} h5 {[%emt 0:00:00]} 31. Kf3 {[%emt 0:00:00]} 1/2-1/2

[Event "Turkish Super League 2019"]
[Site "Konya"]
[Date "2019.07.26"]
[Round "11"]
[White "Tarlabasi, Emirhan"]
[Black "Kerigan, Demre"]
[Result "1/2-1/2"]
[WhiteElo "2352"]
[BlackElo "2398"]
[Annotator "NA"]
[PlyCount "99"]
[EventDate "2019.07.17"]
[EventType "team-tourn"]
[EventCountry "TUR"]
[SourceTitle "playchess.com"]
[Source "ChessBase"]
[SourceQuality "1"]
[TimeControl "40/5400+30:1800+30"]

1. d4 g6 2. Nf3 Nf6 3. Nbd2 Bg7 4. e4 d6 5. Bd3 O-O 6. O-O c5 7. c3 cxd4 8. cxd4 Nc6 9. h3 a5 10. a4 Nb4 11. Be2 Bd7 12. e5 Nfd5 13. Nc4 Bf5 14. Ra3 Qc7 15. exd6 exd6 16. Ne3 Be4 17. Nxd5 Nxd5 18. Bd2 {[%emt 0:56:00]} Rac8 {[%emt 1:11:00]} 19. Re1 {[%emt 0:07:30]} Bc2 {[%emt 0:07:30]} 20. Qa1 {[%emt 0:00:30]} Qb6 {[%emt 0:02:29]} 21. Bb5 {[%emt 0:05:30]} Nc7 {[%emt 0:02:42]} 22. Bf1 {[%emt 0:05:30]} Ne6 {[%emt 0:01:42]} 23. Rxe6 {[%emt 0:24:35]} fxe6 {[%emt 0:00:25]} 24. Qe1 {[%emt 0:00:56]} Kh8 {[%emt 0:07:23]} 25. Bb5 {[%emt 0:00:28]} Qd8 {[%emt 0:05:20]} 26. Bxa5 {[%emt 0:00:32]} b6 {[%emt 0:02:02]} 27. Bb4 {[%emt 0:00:20]} Rf6 {[%emt 0:00:49]} 28. Re3 {[%emt 0:00:36]} d5 {[%emt 0:01:19]} 29. Ng5 {[%emt 0:01:23]} Bf5 {[%emt 0:00:32]} 30. g4 {[%emt 0:00:20]} Bh6 {[%emt 0:00:20]} 31. gxf5 {[%emt 0:00:47]} Bxg5 {[%emt 0:00:06]} 32. fxe6 {[%emt 0:00:23]} Qg8 {[%emt 0:01:12]} 33. Re5 {[%emt 0:00:38]} Bh4 {[%emt 0:00:48]} 34. e7 {[%emt 0:00:25]} Bxf2+ {[%emt 0:00:28]} 35. Qxf2 {[%emt 0:00:05]} Rxf2 {[%emt 0:00:07]} 36. e8=Q {[%emt 0:00:57]} Rxe8 {[%emt 0:01:04]} 37. Rxe8 {[%emt 0:00:02]} Qxe8 {[%emt 0:00:39]} 38. Bxe8 {[%emt 0:00:04]} Rxb2 {[%emt 0:00:16]} 39. Bd6 {[%emt 0:00:05]} Kg7 {[%emt 0:00:10]} 40. Bc6 {[%emt 0:00:00]} Ra2 {[%emt 0:00:00]} 41. Bc7 {[%emt 0:01:54]} Kf6 {[%emt 0:09:07]} 42. Bxb6 {[%emt 0:02:30]} Kf5 {[%emt 0:00:30]} 43. a5 {[%emt 0:02:30]} Ke4 {[%emt 0:00:30]} 44. Bb5 {[%emt 0:00:30]} Kf3 {[%emt 0:02:30]} 45. h4 {[%emt 0:13:07]} Rg2+ {[%emt 0:11:40]} 46. Kh1 {[%emt 0:00:53]} Kf2 {[%emt 0:00:07]} 47. Bc7 {[%emt 0:01:07]} Rg4 {[%emt 0:00:07]} 48. a6 {[%emt 0:09:11]} Rxh4+ {[%emt 0:00:06]} 49. Bh2 {[%emt 0:00:00]} Re4 {[%emt 0:00:38]} 50. Bg1+ {[%emt 0:00:05]} 1/2-1/2

[Event "Turkish Super League 2019"]
[Site "Konya"]
[Date "2019.07.26"]
[Round "11"]
[White "Savina, Anastasia"]
[Black "Buksa, Nataliya"]
[Result "0-1"]
[WhiteElo "2344"]
[BlackElo "2379"]
[Annotator "NA"]
[PlyCount "108"]
[EventDate "2019.07.17"]
[EventType "team-tourn"]
[EventCountry "TUR"]
[SourceTitle "playchess.com"]
[Source "ChessBase"]
[SourceQuality "1"]
[TimeControl "40/5400+30:1800+30"]

1. d4 d5 2. c4 e6 3. Nc3 a6 4. e3 dxc4 5. Bxc4 b5 6. Bb3 Bb7 7. Nf3 Nf6 8. Qe2 Nbd7 9. O-O c5 10. Rd1 Qc7 11. e4 cxd4 12. Nxd4 b4 13. Nd5 exd5 14. exd5+ Kd8 {[%emt 0:57:00]} 15. Nc6+ {[%emt 1:13:30]} Bxc6 {[%emt 0:08:30]} 16. dxc6 {[%emt 0:00:30]} Qxc6 {[%emt 0:00:30]} 17. Bg5 {[%emt 0:04:31]} Rc8 {[%emt 0:14:59]} 18. Rac1 {[%emt 0:18:15]} Bc5 {[%emt 0:01:14]} 19. Bxf6+ {[%emt 0:02:05]} Qxf6 {[%emt 0:06:47]} 20. Ba4 {[%emt 0:00:35]} Bxf2+ {[%emt 0:07:39]} 21. Qxf2 {[%emt 0:00:30]} Qxf2+ {[%emt 0:00:30]} 22. Kxf2 {[%emt 0:00:30]} Rxc1 {[%emt 0:00:30]} 23. Rxc1 {[%emt 0:00:30]} Ne5 {[%emt 0:00:30]} 24. Ke3 {[%emt 0:00:00]} Ke7 {[%emt 0:00:17]} 25. Rc7+ {[%emt 0:00:27]} Kf6 {[%emt 0:02:43]} 26. Ra7 {[%emt 0:00:16]} Nc4+ {[%emt 0:00:19]} 27. Kd4 {[%emt 0:01:37]} Nxb2 {[%emt 0:00:30]} 28. Rxa6+ {[%emt 0:00:30]} Kg5 {[%emt 0:00:00]} 29. Ra5+ {[%emt 0:00:33]} f5 {[%emt 0:00:00]} 30. Bc2 {[%emt 0:00:07]} g6 {[%emt 0:00:03]} 31. Rd5 {[%emt 0:00:31]} Re8 {[%emt 0:00:48]} 32. Bb3 {[%emt 0:00:52]} Re2 {[%emt 0:00:09]} 33. Kc5 {[%emt 0:00:00]} Rxg2 {[%emt 0:00:52]} 34. Kxb4 {[%emt 0:00:00]} Rxh2 {[%emt 0:00:00]} 35. Kc3 {[%emt 0:00:13]} Na4+ {[%emt 0:01:46]} 36. Bxa4 {[%emt 0:00:51]} Rxa2 {[%emt 0:00:07]} 37. Bc2 {[%emt 0:00:01]} Ra7 {[%emt 0:00:38]} 38. Kd2 {[%emt 0:00:30]} Re7 {[%emt 0:00:00]} 39. Bd3 {[%emt 0:01:31]} h5 {[%emt 0:00:00]} 40. Rd8 {[%emt 0:00:00]} h4 {[%emt 0:00:00]} 41. Be2 {[%emt 0:09:35]} Kf4 {[%emt 0:03:09]} 42. Ke1 {[%emt 0:02:30]} g5 {[%emt 0:00:30]} 43. Kf2 {[%emt 0:02:50]} g4 {[%emt 0:01:30]} 44. Bd3 {[%emt 0:03:21]} Re5 {[%emt 0:01:30]} 45. Rh8 {[%emt 0:08:25]} Rd5 {[%emt 0:00:30]} 46. Bf1 {[%emt 0:03:39]} Rd2+ {[%emt 0:00:30]} 47. Kg1 {[%emt 0:01:59]} Kg3 {[%emt 0:01:30]} 48. Re8 {[%emt 0:02:07]} h3 {[%emt 0:06:30]} 49. Re3+ {[%emt 0:00:12]} Kf4 {[%emt 0:00:30]} 50. Ra3 {[%emt 0:00:55]} Rd1 {[%emt 0:00:30]} 51. Ra2 {[%emt 0:00:30]} g3 {[%emt 0:01:30]} 52. Ra4+ {[%emt 0:00:30]} Kg5 {[%emt 0:00:00]} 53. Ra3 {[%emt 0:00:30]} g2 {[%emt 0:01:00]} 54. Rg3+ {[%emt 0:00:12]} Kf4 {[%emt 0:00:00]} 0-1

[Event "Turkish Super League 2019"]
[Site "Konya"]
[Date "2019.07.26"]
[Round "11"]
[White "Kamer, Kayra"]
[Black "Samani, Yamac"]
[Result "1-0"]
[WhiteElo "2340"]
[BlackElo "2266"]
[Annotator "NA"]
[PlyCount "77"]
[EventDate "2019.07.17"]
[EventType "team-tourn"]
[EventCountry "TUR"]
[SourceTitle "playchess.com"]
[Source "ChessBase"]
[SourceQuality "1"]
[TimeControl "40/5400+30:1800+30"]

1. Nf3 Nf6 2. c4 e6 3. d4 d5 4. Nc3 Be7 5. Bg5 h6 6. Bh4 O-O 7. e3 Ne4 8. Bxe7 Qxe7 9. Bd3 Nxc3 10. bxc3 dxc4 11. Bxc4 b6 12. Qe2 Bb7 13. O-O c5 14. e4 Nc6 15. Rad1 Rfd8 16. Rfe1 Rac8 17. Rd2 cxd4 18. cxd4 Qb4 19. Rb2 Qc3 20. d5 Nd4 21. Nxd4 Qxc4 22. Qd1 exd5 23. e5 Kh8 24. Rb3 Qa4 25. Qd2 Rc4 26. Nf5 Rf4 27. Nd6 Bc8 28. g3 Rd4 {[%emt 1:37:17]} 29. Nxf7+ {[%emt 0:29:30]} Kg8 {[%emt 0:00:30]} 30. Qc2 {[%emt 0:00:30]} Rf8 {[%emt 0:00:30]} 31. e6 {[%emt 0:05:30]} Bxe6 {[%emt 0:06:13]} 32. Nxh6+ {[%emt 0:00:30]} Kh8 {[%emt 0:00:03]} 33. Rxe6 {[%emt 0:00:30]} Qd7 {[%emt 0:00:30]} 34. Rbe3 {[%emt 0:02:30]} gxh6 {[%emt 0:00:56]} 35. Rxh6+ {[%emt 0:01:30]} Kg8 {[%emt 0:00:02]} 36. Rg6+ {[%emt 0:00:30]} Kh8 {[%emt 0:00:12]} 37. Ree6 {[%emt 0:00:30]} Rf7 {[%emt 0:01:25]} 38. Qc3 {[%emt 0:00:30]} Qa4 {[%emt 0:00:45]} 39. Qc8+ {[%emt 0:00:00]} 1-0

[Event "Turkish Super League 2019"]
[Site "Konya"]
[Date "2019.07.26"]
[Round "11"]
[White "Secer, Ata"]
[Black "Tasdogen, Dincer"]
[Result "1-0"]
[WhiteElo "2324"]
[BlackElo "2310"]
[Annotator "TA"]
[PlyCount "121"]
[EventDate "2019.07.17"]
[EventType "team-tourn"]
[EventCountry "TUR"]
[SourceTitle "playchess.com"]
[Source "ChessBase"]
[SourceQuality "1"]

{[%evp 17,121,12,19,0,7,-6,20,0,18,11,24,-17,0,-6,0,-8,-1,-16,87,80,79,18,18,24,114,126,164,161,142,120,335,188,183,156,162,100,99,103,92,93,99,91,100,35,29,33,51,20,89,88,135,134,149,143,164,164,164,164,164,149,164,135,135,134,135,128,135,134,135,135,138,139,153,155,159,147,185,185,237,237,419,400,422,410,402,406,439,437,427,396,722,655,1751,1731,1476,1374,5173,2787,29969,29971,29977,29977,29978,29979,29981,29980]} 1. e4 c5 2. Nf3 Nc6 3. Bb5 g6 4. Bxc6 dxc6 5. h3 Bg7 6. d3 Nf6 7. Nc3 O-O 8. O-O Ne8 9. e5 Nc7 10. Ne4 {B30: Sicilian: 2...Nc6 3 Bb5, lines without ...g6} (10. Be3 b6 11. Qd2 Ne6 12. Bh6 Nd4 13. Nxd4 cxd4 14. Ne4 c5 15. Bxg7 Kxg7 16. Rae1 a5 17. a4 Ra7 18. b3 f5 19. exf6+ exf6 {1-0 (44) Morozevich,A (2732)-Anand,V (2766) Monte Carlo 2004}) 10... b6 11. Be3 Nd5 12. Bd2 $146 {The position is equal.} ({Predecessor:} 12. Qd2 Nxe3 13. Qxe3 Qc7 14. Nc3 {½-½ (27) Pecotic,K (2138)-Mauro,L (2182) LSS email 2010}) 12... f6 13. Re1 fxe5 14. Ng3 Nf4 15. Bc3 Qd5 {And now ...Bxh3! would win.} 16. Re4 Bf5 17. Re3 Ne6 (17... Bd7 $11) 18. Bxe5 $16 Bh6 19. Nxf5 (19. Re1 $1 $16) 19... Rxf5 $11 20. Re4 Bf4 (20... Ng5 $11 21. Nxg5 Rxe5) 21. Qe1 Bxe5 22. Nxe5 (22. Rxe5 $6 Rxe5 23. Nxe5 (23. Qxe5 Nd4 $11) 23... Nf4 $11) 22... Nd4 23. Rc1 {aiming for c3.} Qxa2 $2 (23... Rff8 $16 {might work better.}) 24. Ng4 (24. c3 $142) 24... Rff8 $18 25. Rxe7 Qd5 26. Qe3 ({White should try} 26. Ra1 $18) 26... Nf5 $16 27. Nh6+ Nxh6 28. Qxh6 {[%csl Ge7][%cal Rh6h7]} Rf7 29. Rce1 {Intending Re8+ and mate.} Raf8 30. R1e5 (30. R1e6 $16 {Rxf7 is the strong threat.} Qf5 31. Rxf7 Kxf7 32. Re4 (32. Rxc6 Ke8 $11)) 30... Qd6 $1 $14 31. Rxf7 $40 {[%mdl 128] Black needs to defend precisely.} Rxf7 $11 {[%mdl 4096] Endgame KQR-KQR} 32. Qe3 Qf6 (32... Qd4 $1 $11) 33. b3 $16 Qd6 34. Re6 Qc7 35. Qe4 Kf8 36. Rxc6 Qe7 37. Re6 Qg5 38. Re8+ Kg7 {intending ...Qc1+.} 39. Qe5+ Qxe5 40. Rxe5 {KR-KR} Rd7 41. Re6 Rc7 42. Re8 Kf7 43. Rh8 Ke6 44. f4 Kd5 {next ...Kd4 is good for Black.} 45. Rd8+ Kc6 46. Kf2 b5 47. g4 Kb7 {[#]} (47... Re7 {was worth a try.} 48. Kf3 Kc7) 48. c4 $1 $18 bxc4 $2 (48... Kc6 49. Rf8 bxc4 50. dxc4 (50. bxc4 Kb7 $16) 50... Kd6 51. Rf6+ Ke7) 49. dxc4 Kc6 50. Kf3 Rb7 51. Rd3 Rf7 52. f5 gxf5 {[#]} 53. g5 $1 Kb6 $2 (53... h6 54. gxh6 Rh7) 54. Kf4 Ka5 55. h4 Kb4 56. h5 a5 57. g6 hxg6 58. hxg6 {White mates.} Ra7 59. Rg3 a4 60. bxa4 ({Not} 60. g7 Rxg7 61. Rxg7 axb3 $11) 60... Rxa4 61. Kxf5 {Accuracy: White = 70%, Black = 31%.} 1-0